[Event "RUS"]
[Site "?"]
[Date "2006.04.20"]
[Round "1"]
[White "Malakhov Vladimir"]
[Black "Khairullin Ildar"]
[Result "1-0"]
[WhiteElo "2691"]
[BlackElo "2544"]
[PlyCount "83"]
[EventDate "2006.??.??"]
[Source "www.chesslib.no"]
[SourceDate "2004.05.04"]

1. e4 c5 2. Nf3 e6 3. d4 cxd4 4. Nxd4 Nf6 5. Nc3 Nc6 6. Ndb5 d6 7. Bf4 e5 8. Bg5 a6 9. Na3 b5 10. Nd5 Be7 11. Bxf6 Bxf6 12. c4 b4 13. Nc2 Rb8 14. b3 O-O 15. Be2 Bg5 16. O-O Be6 17. Qd3 Rb7 18. Rad1 a5 19. h3 Nb8 20. f4 exf4 21. Nxf4 Bxf4 22. Rxf4 Nc6 23. Rf2 Rd7 24. Qg3 h6 25. Bf3 Qe7 26. Rfd2 Rfd8 27. Kh2 a4 28. Nd4 Ne5 29. Be2 axb3 30. axb3 Kh7 31. Nc2 Nc6 32. Ra1 Rb7 33. Ra6 Ne5 34. Nd4 Ra7 35. Nc6 Nxc6 36. Rxc6 Ra3 37. Bd1 Qf6 38. Bc2 g6 39. e5 Qf1 40. Rf2 Qc1 41. Bxg6+ fxg6 42. Rc7+ 1-0

[Event "Rector Cup 3rd"]
[Site "Kharkov"]
[Date "2001.04.20"]
[Round "4"]
[White "Ponomariov, Ruslan"]
[Black "Eljanov, Pavel"]
[Result "1-0"]
[WhiteElo "2673"]
[BlackElo "2558"]
[PlyCount "63"]
[EventDate "2001.04.18"]
[Source "ChessBase"]
[SourceDate "2001.07.05"]

1. e4 c5 2. Nc3 Nc6 3. Nge2 Nf6 4. d4 cxd4 5. Nxd4 e5 6. Ndb5 d6 7. Bg5 a6 8. Na3 b5 9. Bxf6 gxf6 10. Nd5 f5 11. c3 Bg7 12. exf5 Bxf5 13. Nc2 O-O 14. Nce3 Be6 15. Bd3 f5 16. Qh5 e4 17. Bc2 Ne7 18. Rd1 Ng6 19. f4 exf3 20. gxf3 Qd7 21. O-O Qf7 22. f4 Rac8 23. Rf3 Rc5 24. Rh3 h6 25. Rg3 Kh7 26. b4 Rcc8 27. Rd2 Bxd5 28. Bxf5 Kh8 29. Rxg6 Qa7 30. Rxh6+ Bxh6 31. Qxh6+ Kg8 32. Be6+ 1-0